00000000nam 2200000za 4500
0019.832757
003CaOODSP
00520221107150045
007cr |||||||||||
008170221t2017    onc     o    f000 0 fre d
020 |a978-0-660-07707-9
040 |aCaOODSP|bfre
043 |an-cn---
0861 |aCW69-14/2-60-2017F-PDF
24500|aSommaire du statut de l’espèce du COSEPAC sur le Lapin de Nuttall de la sous-espèce nuttallii, Sylvilagus nuttallii nuttallii, au Canada |h[ressource électronique].
260 |aOttawa : |bEnvironnement et Changement climatique Canada, |c2017, c2016.
300 |a[20] p. : |bfigures.
500 |aPubl. aussi en anglais sous le titre : COSEWIC status appraisal summary on the Nuttall's Cottontail nuttallii subspecies, Sylvilagus nuttallii nuttallii, in Canada.
500 |aTitre de la couv.
500 |a« Préoccupante, 2016. »
500 |a« Le COSEPAC remercie David Nagorsen d’avoir rédigé le sommaire du statut sur le lapin de Nuttall de la sous-espèce nuttallii (Sylvilagus nuttallii nuttallii), aux termes d’un marché conclu avec Environnement Canada. La supervision et la révision du sommaire du statut ont été assurées par Justina Ray, coprésidente du Sous-comité despécialistes des mammifères terrestres du COSEPAC. »
69207|2gccst|aEspèce menacée
69207|2gccst|aMammifére
69207|2gccst|aConservation de la nature
7001 |aNagorsen, David W.
7001 |aRay, Justina C.
7102 |aComité sur la situation des espèces en péril au Canada.
7101 |aCanada. |bEnvironnement et changement climatique Canada.
7102 |aService canadien de la faune.
77508|tCOSEWIC status appraisal summary on the Nuttall's Cottontail nuttallii subspecies, Sylvilagus nuttallii nuttallii, in Canada |w(CaOODSP)9.832756
85640|qPDF|s2.28 MB|uhttps://publications.gc.ca/collections/collection_2017/eccc/CW69-14-2-60-2017-fra.pdf